| 000 | 00478 a2200205 4500 | ||
|---|---|---|---|
| 005 | 20260313120610.0 | ||
| 008 | 260312b |||||||| |||| 00| 0 eng d | ||
| 020 |
_a9781266173462 _c£ 64.99 |
||
| 040 | _aMAIN | ||
| 082 |
_a338.5 _bC67M(12) |
||
| 100 | _aColander, David C | ||
| 110 | _a | ||
| 245 | _aMicroeconomics | ||
| 250 | _a12th | ||
| 260 |
_bMcGraw Hill _aNew York _c2024 |
||
| 300 | _av. | ||
| 650 | _aEconomics | ||
| 650 | _aMicro Economics | ||
| 942 | _cBK | ||
| 999 |
_c396952 _d396952 |
||